Die Überläuferin /

Uložené v:
Podrobná bibliografia
Hlavný autor: Maron, Monika (Author)
Médium: Kniha
Jazyk:German
Vydané: Frankfurt am Main : Fischer, 1992
ISBN: 3-596-29197-6
Fyzický popis: 220 S.
Tagy: Pridať tag
Žiadne tagy, Buďte prvý kto otaguje tento záznam!

MARC

LEADER 00000nam a2200000 a 4500
001 000480309
003 SVKK
005 20060313102624.0
008 060313s1992 e gero
020 |a 3-596-29197-6 
040 |a KE001  |b ger 
080 |a 830-3  |2 undef 
100 1 |a Maron, Monika  |4 aut 
245 1 0 |a Die Überläuferin /  |c Monika Maron 
260 |a Frankfurt am Main :  |b Fischer,  |c 1992 
300 |a 220 S. 
850 |a KE001 
998 |a KN 
992 |a AUL 
090 |g SCKGI  |k Študovňa GI  |a 830-3 MAR  |j 1979/93  |i 2720000683  |4 Zastaraná  |s Vyradená